1521 1554 1285 1368 1984 1436 1704 1573 1891 1948 1024 2000 1329 1213 1133 1771 1534 1366 1812 1140 1015 1011 1706 1158 1079 1825 1342 1065 1454 1493 1794 1241 1588 1147 1340 1194 1865 1075 1790 1167 1340 1974 1816 1353 1318 1857 1109 1439 1704 1096 1875 1401 1497 1309 1711 1156 1468 1734 1169 1554 1933 1600 1508 1739 1626 1257 1126 1239 1133 1910 1024 1896 1195 1776 1716 1853 1740 1690 1491 1461 1264 1617 1375 1013 1404 1353 1989 1921 1877 1549 1025 1240 1854 1014 1360 1461 1192 1014 1934 BCNSPRNW ULIB Ver.6.0+V

เปลี่ยนเป็นภาษาไทย

Change to English
 แสดงรายละเอียดบรรณานุกรม
  กลับหน้าหลัก

Brief Record : Get Marc (ISO 2709) : E-mail record : QR code < ปิดหน้าต่าง
LEADER : 00000nam 2200000uu 4500
001    13399127475
003     ULIB
008    200604s2017||||th 000 0 tha d
020 ^  ^a9781506258799 (6th/2017)
020 ^   ^a9781506258829 (set)
050 ^   ^aPE1128^bL633b
100 1   ^aLougheed, Lin.
245 1   ^aBarron s the leader in test preparation :^bTOEIC superpack /^cLin Lougheed.
246 3   ^aTOEIC : test of English for international communication
246 3   ^aTOEIC : practice exams
246 3   ^aEssential words for the TOEIC
246 3   ^aTOEIC superpack
250 ^   ^aThird edition.
260 ^   ^aNew York, NY :^bBarron s Educational Series,^c2017.
300 ^   ^a3 volume :^billustrations +^e1 compact disc
500 ^   ^aIncludes three books in one box.
505 0   ^aVolume 1. TOEIC : test of English for international communication -- Volume 2. TOEIC : practice exams -- Volume 3. Essential words for the TOEIC + 1 compact disc.
650 ^   ^aTest of English as a Foreign Language^xStudy guides.
650 ^   ^aEnglish language^xExaminations^xStudy guides.
650 ^   ^aEnglish language^xTextbooks for foreign speakers.
945    ^p0^l0^i28381
999    ^aกัณชพร จุลอักษร
รายการนี้ยังไม่มีแท็ก
คุณยังไม่ได้ล็อกอิน คุณสามารถมีกิจกรรมร่วมกับเว็บไซต์ได้ แต่ต้องล็อกอินก่อน ::
  ล็อกอิน

รายการสื่อสารสนเทศ

ลำดับที่ ประเภท เลขเรียก/บาร์โค้ด สถานที่ สถานะ
1. หนังสือสำรอง
หนังสือสำรอง
PE1128 L633b ฉ.1 
  Barcode: 28381
ห้องสมุดวิทยาเขตนครสวรรค์
►หนังสือทั่วไป:l:General Books
บนชั้น

รายการใกล้เคียง
    ผู้แต่ง [Lougheed, Lin.]

BibComment


ยังไม่เคยถูกคอมเมนท์

คอมเมนท์ทรัพยากรรายการนี้
  คอมเมนท์: Barron s the le..


 Copyright 2026. Bcnsprnw @Library